00471nam a2200145Ia 4500008004100000020000600041082001500047100002100062245003100083260004500114300001100159942004600170952009400216999001500310250520s9999 xx 000 0 und d a0 a297.577DHA aAbdul Razzaq Ali 0aDharin tharubiyyathu kurun aMale' MaldivesbDhagatha Publisherc2008 a175 p. h297.577iDHAcAD6297_577000000000000_DHA 92770aKFPLbKFPLcDHId2025-05-20l0o297.577DHApKL-2024-000498r2025-05-20 05:01:44yAD c2362d2362